000 00381 a2200109 4500
001 ART_9598
005 20260410161837.0
008 260409a
245 1 0 _aUn criterio económico de elección del sistema de inspección de lotes por atributos
100 1 _aWajchman, Mauricio
773 0 _tContabilidad y administración
_g- Año 5, Nº 52 (oct. 1981)
_wREV5485
999 _c23718
_d23718